| 000 | 00683nam a2200265Ia 4500 | ||
|---|---|---|---|
| 008 | 160803s9999 xx 000 0 und d | ||
| 020 | _a9780439262200 | ||
| 100 | _aCorey, Shana | ||
| 245 | _aHorus's horrible day / | ||
| 245 | _cstory by Shana Corey ; pictures by Mark Teague. | ||
| 260 | _aNew York : | ||
| 260 | _bScholastic Inc. | ||
| 260 | _c2001 | ||
| 300 | _a32 pages : | ||
| 300 | _bcolor illustrations ; | ||
| 300 | _c24 cm. | ||
| 440 | _aFirst graders from Mars ; | ||
| 440 | _vbk. 1. | ||
| 650 | _aExtraterrestrial beings -- | ||
| 650 | _aHumorous stories. | ||
| 650 | _aSchools -- | ||
| 650 | _xFiction. | ||
| 650 | _xFiction. | ||
| 700 | _a150 | ||
| 999 |
_c299008 _d299008 |
||